000 00403nam a2200145Ia 4500
008 100204s9999 xx 000 0 und d
082 _b8207
100 _aशहा सुभाष
245 _aबुरुज
260 _b"रावजी प्रकाशन , डोंबिवली"
_c1986
300 _a164
630 _aबुरुज
730 _aबुरुज
942 _cBOOK
999 _c452643
_d452640